000 00371nam a2200145Ia 4500
008 240624s9999 xx 000 0 und d
041 _aeng
082 _a658.15 CLA
100 _aCLAYMAN MICHELLE R
245 _aCORPORATE FINANCE WORKBOOK A PRACTICAL A
250 _a(2nd ed.)
260 _c2012
_aNew Jersey
_bJohn Wiley & Sons
300 _a131 : p.
365 _c
_b30
999 _c20172
_d20172